| 000 | 00665nam a2200229Ia 4500 | ||
|---|---|---|---|
| 008 | 191130s2002##################000#0#eng## | ||
| 020 | _a9781580420624 | ||
| 022 | _a2002101332 | ||
| 040 |
_aACL _cACL |
||
| 082 | _a795.4120285 JEN | ||
| 100 | _aJensen, Marten | ||
| 245 |
_aVideo poker and slots for the winner _cMarten Jensen |
||
| 250 | _a2nd ed | ||
| 260 |
_aBrooklyn, NY _bCardoza Publishing _c2002 |
||
| 300 | _a256 p. : ill. ; 22 cm | ||
| 500 | _aExpanded ed. of: Video poker for the winner. 1st ed. c1999 | ||
| 650 | _aSlot machines | ||
| 650 | _aVideo poker | ||
| 990 | _a968849ecac10000c05027e79aeaf6de5 | ||
| 991 | _a333077 | ||
| 999 |
_c88994 _d88994 |
||